Elizabethan revenge tragedy, 1587-1642 (Record no. 176157)

MARC details
000 -LEADER
fixed length control field 00386nam a2200145Ia 4500
008 - FIXED-LENGTH DATA ELEMENTS--GENERAL INFORMATION
fixed length control field 230917s9999||||xx |||||||||||||| ||und||
040 ## - CATALOGING SOURCE
-- 40406
Original cataloging agency VIVEKANANDA LIBRARY
041 ## - Language
-- English
082 ## - DDC NUMBER
Classification number 822.09 B677E
100 ## - MAIN ENTRY--PERSONAL NAME
Personal name Bowers, Fredson
245 #0 - TITLE STATEMENT
Title Elizabethan revenge tragedy, 1587-1642
260 ## - PUBLICATION, DISTRIBUTION, ETC. (IMPRINT)
Place of publication, distribution, etc Princeton
Name of publisher, distributor, etc Princeton University Press
Date of publication, distribution, etc 1971
300 ## - PHYSICAL DESCRIPTION
Pages viii, 288 p.
942 ## - ADDED ENTRY ELEMENTS (KOHA)
Koha item type Books
Holdings
Withdrawn status Lost status Damaged status Not for loan Location (home branch) Sublocation or collection (holding branch) Date acquired Koha issues (times borrowed) Koha full call number Accession No. Koha date last seen Koha item type
        VIVEKANANDA LIBRARY VIVEKANANDA LIBRARY 27/12/2002   822.09 B677E 33184 17/09/2023 Books
        VIVEKANANDA LIBRARY VIVEKANANDA LIBRARY 27/12/2002   822.09 B677E 43160 17/09/2023 Books
© Designed and Maintained by Vivekananda Library, MDU Rohtak